000 00406nam a2200145Ia 4500
008 100122s9999 xx 000 0 und d
082 _b67904
_a823.08
100 _aमुजावर बशीर
245 _aप्रवाही
260 _bपायल पब्लिकेशन
_c2005
300 _a200
630 _aप्रवाही
730 _aप्रवाही
942 _cBOOK
999 _c439734
_d439731